• 首页
  • 本馆介绍
  • 公告通知
  • 最新文献
  • 馆藏检索
  • 电子资源
  • 读者导购
  • 参考咨询
  • 我的图书馆
  • 登录
  • 详细信息显示
  • 放入我的书架
  • 预约/预借图书
  • 作者相关作品
  • 分类相关作品
  • 丛书相关作品
  • 出版社相关作品

书目信息

  • 表格格式
  • 工作单格式
  • 卡片格式
题名:
天山南北新疆
    
 
作者: 路琳 著
分册: 一  
出版信息: 北京   中国旅游出版社  2015.4
页数: 226页
开本: 23cm
丛书名: 中国地理文化丛书
单 册:
中图分类: K294.5
科图分类:
主题词: 地方文化--di fang wen hua--文化史--新疆 , 文化史--wen hua shi , 新疆--xin jiang
电子资源:
ISBN: 978-7-5032-5201-3
000 01021nam0 22002891 450
001 1731236103
005 20170605111701.68
010    @a978-7-5032-5201-3@dCNY30.80
100    @a20150825d2015 em y0chiy50 ea
101 0  @achi
102    @aCN@b110000
105    @aa z 000yy
106    @ar
200 1  @a天山南北新疆@Atian shan nan bei xin jiang@h一@f路琳著
210    @a北京@c中国旅游出版社@d2015.4
215    @a226页@c图@d23cm
225 2  @a中国地理文化丛书@Azhong guo di li wen hua cong shu
300    @a你不知道的中国
330    @a本书以问答的形式介绍了新疆维吾尔自治区概况以及乌鲁木齐市、昌吉回族自治州、吐鲁番地区、哈密地区、巴音郭楞蒙古自治州的地理风貌、历史遗存、民风民俗、逸闻轶事、宗教文化、风土人情。
461  0 @12001 @a中国地理文化丛书
606 0  @a地方文化@Adi fang wen hua@x文化史@y新疆
606 0  @a文化史@Awen hua shi
606 0  @a新疆@Axin jiang
690    @aK294.5@v5
701  0 @a路琳@Alu lin@c(女)@4著
801  0 @aCN@bTANG WEI@c20170527
905    @b0970553-7@dK294.5@e322:1@f5
    
    天山南北新疆.一/路琳著.-北京:中国旅游出版社,2015.4
    226页:图;23cm.-(中国地理文化丛书)
    你不知道的中国
    
    ISBN 978-7-5032-5201-3:CNY30.80
    本书以问答的形式介绍了新疆维吾尔自治区概况以及乌鲁木齐市、昌吉回族自治州、吐鲁番地区、哈密地区、巴音郭楞蒙古自治州的地理风貌、历史遗存、民风民俗、逸闻轶事、宗教文化、风土人情。
●
相关链接 在E读中查询图书 在五车中查询图书 在当当中查询图书 在豆瓣中查询图书


正题名:天山南北新疆     索取号:K294.5/322:1         预约/预借

序号 登录号 条形码 馆藏地/架位号 状态 备注
1 0970553   209705531   第二样本阅览室/ [索取号:K294.5/322:1] 在馆    
2 0970554   209705540   第二借阅区/ [索取号:K294.5/322:1] 在馆    
3 0970555   209705559   第二借阅区/ [索取号:K294.5/322:1] 在馆    
4 0970556   209705568   第二借阅区/ [索取号:K294.5/322:1] 在馆    
5 0970557   209705577   密集书库-资源管理系/ [索取号:K294.5/322:1] 在馆    
唐山师范学院图书馆 欢迎您!
大连网信软件有限公司© 版权所有